Kluby piłkarskie North West England - nagła śmierć - Statystyki

Ogólne statystyki
  • Ten quiz został rozwiązany 10 razy
  • Średni wynik to 6 z 20
Answers on the Grid
Answers color-coded by a green-red scale on the quiz's grid according to % correct below.
Manchester City
Burnley FC
Leeds United
Preston North End
Blackpool FC
Lincoln City FC
Blackburn Rovers
Liverpool FC
Luton Town
Everton FC
Manchester United
Oldham Athletic
Barnsley FC
Bolton Wanderers
Wigan Athletic
Derby County
Stockport County
Stoke City FC
Chester FC
Chesterfield FC
Crewe Alexandra
Carlisle United
Hull City
Salford City
Fleetwood Town
Tranmere Rovers
Wycombe Wanderers
Morecambe FC
Accrington Stanley
AFC Bournemouth
 
Statystyki odpowiedzi
Odpowiedź % Poprawnych
Liverpool FC
75%
Manchester United
75%
Everton FC
63%
Manchester City
63%
Crewe Alexandra
38%
Blackburn Rovers
25%
Blackpool FC
25%
Bolton Wanderers
25%
Carlisle United
25%
Preston North End
25%
Accrington Stanley
13%
Burnley FC
13%
Chester FC
13%
Fleetwood Town
13%
Morecambe FC
13%
Oldham Athletic
13%
Salford City
13%
Stockport County
13%
Tranmere Rovers
13%
Wigan Athletic
13%
Nie znaleziono quizów pasujących do podanych kryteriów
Rozkład punktacji
Procent ludzi z każdym wynikiem
Percentyl według liczby udzielonych odpowiedzi
Twoja historia wyników
Nie rozwiązałeś tego quizu